Poeresia

Na minha lista:
Detalhes bibliográficos
Autor Corporativo: Collegamento tra Lesbiche Italiane (CLI)
Formato: Livro
Idioma:inglês
Publicado em: Roma
Tags: Adicionar Tag
Sem tags, seja o primeiro a adicionar uma tag!

MARC

LEADER 00000nam a2200000 4500
001 CDOM0000003786
003 mi
005 20251006095825.0
008 251006b |||||||| |||| 00| 0 eng d
040 |c mi 
110 |a Collegamento tra Lesbiche Italiane (CLI) 
245 1 |a Poeresia 
260 |a Roma 
942 |2 ddc  |c BK 
952 |0 0  |1 0  |2 ddc  |4 0  |7 0  |9 6997  |a MI  |b MI  |d 2009-08-31  |i 5512  |l 0  |p CDOM5512  |r 2025-07-13 16:28:00  |w 2025-07-13  |x DONO  |y BK 
999 |c 5714  |d 5714